000 00439nam a2200145Ia 4500
008 200924s9999 xx 000 0 und d
020 _a978-149-6363-54-1
100 _aFerrier, Denise R.
245 _cDenise R. Ferrier
_aLippincott illustrated reviews:
_bbiochemistry/
250 _a17th ed.
260 _aLondon:
_bWolters Kluwer
_c2017
300 _aviii, 565 pages
_c25 cm.
650 _aBiochemistry
650 _aClinical biochemistry
999 _c364449
_d364449